El nacimiento de la justicia administrativa provincial de los consejos de prefectura a los consejos provinciales /
Guardat en:
| Altres autors: | |
|---|---|
| Format: | Electrònic eBook |
| Idioma: | espanyol |
| Publicat: |
Madrid :
Dykinson, S.L.,
[2014]
|
| Matèries: | |
| Accés en línia: | Digitalia Hispánica |
| Etiquetes: |
Afegir etiqueta
Sense etiquetes, Sigues el primer a etiquetar aquest registre!
|
MARC
| LEADER | 00000nam a2200000Ii 4500 | ||
|---|---|---|---|
| 001 | DIGDYK0694 | ||
| 003 | NyNyDIG | ||
| 006 | m o d | ||
| 007 | cr ||||||||||| | ||
| 008 | 220823s2014 sp o 100 0 spa d | ||
| 035 | |a (OCoLC)892488111 | ||
| 040 | |a DGITA |b eng |e rda |e pn |c DGITA | ||
| 020 | |a 9788490851111 |q pdf | ||
| 020 | |z 9788490850367 | ||
| 043 | |a e-fr--- |a e-sp--- | ||
| 050 | 1 | 4 | |a KJC5866.A6 ebook |
| 245 | 0 | 3 | |a El nacimiento de la justicia administrativa provincial de los consejos de prefectura a los consejos provinciales / |c Miguel Ángel Chamocho Cantudo (dirección y coordinación) |
| 264 | 1 | |a Madrid : |b Dykinson, S.L., |c [2014] | |
| 300 | |a 1 online resource. | ||
| 336 | |a text |b txt |2 rdacontent | ||
| 337 | |a computer |b c |2 rdamedia | ||
| 338 | |a online resource |b cr |2 rdacarrier | ||
| 347 | |a text file |2 rdaft | ||
| 347 | |b PDF | ||
| 500 | |a "Diputación de Jaén; Instituto de Estudios Clemmensen"--Cover. | ||
| 500 | |a Includes papers presented at conferences of the Société d'Histoire du Droit in Jaén and Baeza in 2010.-- Page 13-14. | ||
| 588 | 0 | |a Online resource; title from PDF title page (Digitalia, viewed August 23, 2022) | |
| 650 | 0 | |a Local government |x Law and legislation |z France |x History |y 19th century |v Congresses. | |
| 650 | 0 | |a Local government |x Law and legislation |z Spain |x History |y 19th century |v Congresses. | |
| 650 | 0 | |a Administrative procedure |z France |x History |y 19th century |v Congresses. | |
| 650 | 0 | |a Administrative procedure |z Spain |x History |y 19th century |v Congresses. | |
| 655 | 0 | |a Electronic books. | |
| 700 | 1 | |a Chamocho Cantudo, Miguel Angel, |e editor. | |
| 791 | 2 | |a Digitalia (Firm), |e distributor. | |
| 793 | 0 | |g Digitalia eBook Collection: |a Dykinson Editorial | |
| 776 | 0 | 8 | |i Print version: |t Nacimiento de la justicia administrativa provincial de los consejos de prefectura a los consejos provinciales. |d Madrid : Dykinson, S.L., [2014] |z 9788490850367 |
| 856 | 4 | 0 | |3 Digitalia Hispánica |u https://digitalia.unach.elogim.com/a/30430/ |
| 910 | |a Premium collection: 2022 | ||